| 000 | 00504nam a2200181Ia 4500 | ||
|---|---|---|---|
| 001 | 22263 | ||
| 005 | 20260414150819.0 | ||
| 008 | 260414t1997||||xx |||||||||||||| ||spa|| | ||
| 041 | _aESP | ||
| 082 |
_a621.3 _bM84 |
||
| 100 |
_aMendoza Villena, Monserrat _eAUT |
||
| 245 | 0 |
_aProblemas de análisis de circuitos eléctricos : _bcorriente continua. Corriente alterna monofásica |
|
| 260 | _c1997 | ||
| 300 |
_a141 páginas : _c24 cm. |
||
| 650 | _aTCA | ||
| 654 | _aCET | ||
| 942 |
_cLIB _dJUS _fJUS _2ddc _n |
||
| 999 |
_c22263 _d22263 |
||